000
00244nam a2200097Ia 4500
001
695173
005
20250826161947.0
008
250824s9999 xx 000 0 und d
245
0
_a
ONLAR HEP ORADAYDI
_c
SUNAY AKIN
260
_b
TÜRKİYE İŞ BANKASI
999
_c
695173
_d
695173